000 00331nam a22001337a 4500
008 230620b xxu||||| |||| 00| 0 eng d
020 _a0742532542
082 _a321.80
_bJOD 2005
245 _aJournal of Democracy
260 _aUSA
_bThe John Hopkins University Press
_c2005
300 _a188p
440 _v16
_n4
942 _2ddc
_cBK
999 _c1681
_d1681